| 000 | 00992cam a22003137a 4500 | ||
|---|---|---|---|
| 003 | CHAP | ||
| 005 | 20220329134436.0 | ||
| 008 | 971013s1981 r 00010 d | ||
| 010 | _a20563 | ||
| 011 | _a21535 | ||
| 035 | _a25625 | ||
| 040 | _cCHAP | ||
| 082 |
_a526.9 _bD65 1981 |
||
| 100 | 0 | 0 |
_aDomínguez García-Tejero, Francisco. _933815 |
| 245 | 0 | _aTopografía general y aplicada | |
| 250 | _a7 ed. | ||
| 260 |
_aMadrid : _bDossat, _c1981 |
||
| 300 |
_a823 p. _b: ilus. |
||
| 500 | _aTit. de la 1a. ed. : Topografía general y agrícola | ||
| 590 |
_aBATCH-UPD _b10 _c20130110 _lUCH01 _h1207 |
||
| 590 |
_aBATCH-UPD _b10 _c20130410 _lUCH01 _h0748 |
||
| 590 |
_aBATCH-UPD _b10 _c20130914 _lUCH01 _h2049 |
||
| 590 |
_aCONVERSION _b10 _c20130109 _lUCH01 _h1312 |
||
| 650 | 1 | 4 |
_aTopografía. _9113907 |
| 901 | _aBK | ||
| 942 | _cLIBRO | ||
| 949 |
_a526.9 D65 1981 _bBC _cLIBRO _d33724000989265 _eLIBRO _h57201 _i25625 _si |
||
| 949 |
_a526.9 D65 1981 _bBC _cMUT _d-59031 _eMUT _fc.2 _h59457 _i25625 _si |
||
| 999 |
_c20563 _d20563 |
||